00382nam a2200145Ia 4500008004100000020001800041041000800059082001800067100001700085245007700102260001600179300000800195365001600203700001700219230718s9999 xx 000 0 und d a9788126541881 aeng a658.0563bVER aVercellis C. aBusiness IntelligencebData Mining And Optimization For Decision Making c2013bWiley a417 cRs.b449.00 aVercellis C.